Estonian Alphabet (Eesti Tähestik) - Statistics

General Stats
  • This quiz has been taken 140 times
  • The average score is 26 of 32
Answer Stats
Hint Answer % Correct
1 A
100%
2 B
100%
3 C
99%
4 D
99%
5 E
99%
6 F
98%
7 G
98%
8 H
98%
9 I
98%
10 J
98%
11 K
98%
12 L
98%
13 M
97%
14 N
96%
15 O
95%
16 P
95%
18 R
94%
19 S
94%
17 Q
93%
20 Š
69%
23 T
69%
24 U
68%
21 Z
67%
25 V
65%
26 W
63%
22 Ž
61%
32 Y
56%
28 Ä
54%
31 X
54%
27 Õ
53%
30 Ü
53%
29 Ö
52%
No matching quizzes found
Score Distribution
Percent of People with Each Score
Percentile by Number Answered
Your Score History
You have not taken this quiz